000 01828nam1a2200349 i 4500
001 RU\NLR\b_ik\169351
005 20241225160452.0
035 _a(NLR Aleph) 002242088
090 _a3572041
_c3572041
100 _a20080519g20089999u y0rusy50 ba
101 1 _aspa
_crus
102 _aRU
105 _a||||z |||||
200 1 _aLecciones de matemática
_fV. Boss
_gtrad. del ruso por Carlos Daniel Navarro Hernández [et al.]
210 _aMoscú
_cURSS
_cКомКнига
_dcop. 2008
215 _d22
300 _aВ вып. дан.: Лекции по математике / Босс В.
463 1 _1001RU\NLR\b_ik\168985
_12001#$aAnálisis
_0RU\NLR\b_ik\168985
_93567381
_cБ. м.
_dcop. 2008
_p218 с.
_tLecciones de matemática. - Análisis
_y978-5-484-01051-6
463 0 _1001RU\NLR\b_ik\184843
_0RU\NLR\b_ik\184843
_93771494
_cБ. м.
_d2010
_p199 с.
_tEcuaciones diferenciales
_y978-5-396-00065-0
463 0 _1001RU\NLR\b_ik\190438
_0RU\NLR\b_ik\190438
_93844126
_cMoscú
_dcop. 2011
_nURSS
_p214 с.
_tLogica, algoritmos, computabilidad. De Diofanto a Turing y Gödel
_y978-5-396-00069-8
463 0 _1001RU\NLR\b_ik\190450
_0RU\NLR\b_ik\190450
_93844290
_cMoscú
_dcop. 2011
_nURSS
_p228 с.
_tProbabilidad. Información. Estadística
_y978-5-396-00067-4
463 0 _1001RU\NLR\b_ik\190441
_0RU\NLR\b_ik\190441
_93844169
_cMoscú
_dcop. 2011
_nURSS
_p222 с.
_tAnálisis funcional
_y978-5-396-00068-1
463 0 _1001RU\NLR\b_ik\190463
_0RU\NLR\b_ik\190463
_93844455
_cMoscú
_d2011
_nURSS
_p226 с.
_tÁlgebra lineal
_y978-5-396-00066-7
517 0 _aЛекции по математике
606 1 _aМатематика
_9922118
_3RU\NLR\AUTH\6619329
686 1 _aВ11
700 1 _aBoss
_bV.
_4070
801 0 _aRU
_bNLR
_c20080519
_gRCR
852 _aNLR
_bИк
_j2008-5/803
942 _cBOOK